Real Madrid - Joueurs à plus de 100 matchs - Statistiques

Statistiques générales
  • Ce quiz a été pris 5 039 fois
    3 131 depuis la dernière actualisation
  • Le résultat moyen est 23 sur 37
Statistiques - réponses
P Joueurs Matchs % Correct
A Cristiano Ronaldo 438
98%
A Karim Benzema 648
96%
M Luka Modric 486
96%
D Sergio Ramos 671
94%
M Toni Kroos 417
93%
G Iker Casillas 725
92%
D Dani Carvajal 373
89%
D Marcelo 546
88%
G Thibaut Courtois 230
87%
A Gareth Bale 258
85%
A Vinicius Junior 225
80%
D Pepe 334
79%
D Raphael Varane 360
79%
M Casemiro 335
78%
G Keylor Navas 162
71%
A Rodrygo Goes 163
70%
M Isco 353
64%
D Nacho 319
62%
D Ferland Mendy 133
60%
A Lucas Vazquez 311
59%
M Federico Valverde 204
55%
M Mesut Ozil 159
55%
A Angel Di Maria 190
53%
D Eder Militao 204
52%
A Marco Asensio 286
51%
A Gonzalo Higuain 264
48%
M Xabi Alonso 236
45%
A James Rodriguez 125
39%
D Fabio Coentrao 106
38%
M Sami Khedira 161
38%
M Kaka 120
36%
M Dani Ceballos 119
35%
D Alvaro Arbeloa 250
34%
M Lassana Diarra 117
25%
M Mateo Kovacic 109
22%
D Raul Albiol 118
15%
M Fernando Gago 121
6%
Aucun quiz correspondant
Distribution des résultats
% des personnes avec chaque résultat
Percentile par nombre de réponses
Votre historique - résultats
Vous n’avez pas pris ce quiz depuis la dernière actualisation